000 01245nab a22002657a 4500
999 _c6325
_d6325
003 OSt
005 20260130202748.0
008 190603e xxum|||| |||| 00| 0 spa d
040 _cPJ
100 _91785
_aBarbieri, Pablo C.
245 1 0 _aDaños y perjuicios entre deportistas /
_cPablo C. Barbieri.
260 _cCiudad Autónoma de Buenos Aires :
_aThomson Reuters La Ley,
_b2025.
300 _ap. 5-10
500 _aCita: TR LALEY AR/DOC/2274/2025 Publicado en: RCCyC 2025 (Octubre).
505 _aSumario: I. Necesaria introducción.— II. Primeros acercamientos jurídicos.— III. Principio general.— IV. Excepciones: los supuestos de procedencia de la responsabilidad.— V. Cuestiones conexas.— VI. A modo de colofón.
505 _t¿Te interesa el texto completo? Solicitalo al correo: koha@justierradelfuego.gov.ar
650 0 _91497
_aCODIGO CIVIL Y COMERCIAL
650 0 _91467
_aRESPONSABILIDAD CIVIL
650 0 _92823
_aDAÑOS Y PERJUICIOS
650 0 _95585
_aCONSENTIMIENTO
650 0 _93725
_aDEPORTES
650 0 _92939
_aLESIONES GRAVES
773 0 _02713
_93170
_dCiudad Autónoma de Buenos Aires : Thomson Reuters La Ley, 2015-
_tRevista Código Civil y Comercial. Nº 5 - Octubre 2025
942 _2udc
_cANA